Buts de Henry - Statistiques

Statistiques générales
  • Ce quiz a été pris 36 fois
  • Le résultat moyen est 20 sur 74
Statistiques - réponses
Nombre de buts Club % Correct
5 Lyon
91%
5 Manchester City
88%
9 Manchester United
88%
10 Chelsea
85%
4 Real Madrid
82%
5 Tottenham
79%
9 Liverpool
76%
5 West Ham
61%
12 Aston Villa
58%
3 Atlético Madrid
58%
9 Valence
55%
4 Everton
52%
6 Newcastle
52%
2 Inter Milan
48%
3 Juventus
48%
6 Leicester
45%
3 Nantes
45%
2 Seville
45%
2 Bordeaux
42%
3 Lens
42%
12 Leeds
39%
8 Fulham
36%
5 Southampton
36%
6 Blackburn
33%
3 Bayern Munich
30%
6 Birmingham
30%
2 Lazio Rome
30%
3 Crystal Palace
27%
5 Deportivo
27%
2 Los Angeles Galaxy
27%
2 Rennes
27%
3 Strasbourg
24%
7 Sunderland
24%
2 Villareal
24%
3 Wolverhampton
24%
3 Chicago Fire
21%
4 Toronto
21%
3 AS Rome
18%
4 Bayer Leverkusen
18%
5 Mallorca
18%
2 Bolton
15%
2 Caen
15%
4 Derby Country
15%
4 Norwich
15%
9 Portsmouth
15%
4 Watford
15%
2 Cannes
12%
2 Celta Vigo
12%
13 Middlesbrough
12%
9 Montreal
12%
3 PSV
12%
2 Dallas
9%
3 Houston
9%
2 Ipswich
9%
3 Levante
9%
4 Philadelphia Union
9%
2 Almeria
6%
4 DC United
6%
2 Losc
6%
3 New England
6%
2 Reading
6%
2 Schalke 04
6%
3 Sporting Lisbonne
6%
2 Werder Bremen
6%
6 Wigan
6%
12 Charlton
3%
6 Colorado Rapids
3%
4 Panathinaikos
3%
2 San Jose
3%
2 Xerez
3%
6 Columbus Crew
0%
2 Milton Keynes Dons
0%
2 Racing Santander
0%
3 Sparta Prague
0%
Aucun quiz correspondant
Distribution des résultats
% des personnes avec chaque résultat
Percentile par nombre de réponses
Votre historique - résultats
Vous n’avez pas pris ce quiz